Fictional Lands and Settings by Picture - Statistics

General Stats
  • This quiz has been taken 296 times
    50 since last reset
  • The average score is 9 of 16
Answer Stats
Picture Answer % Correct
Oz
100%
Narnia
88%
Wonderland
86%
Springfield
71%
Middle-earth
61%
Mushroom Kingdom
61%
Hyrule
59%
Pandora
59%
Westeros
57%
100 Acre Wood
49%
Neverland
49%
Panem
47%
Wakanda
47%
Discworld
37%
Fantasia
16%
Eternia
14%
No matching quizzes found
Score Distribution
Percent of People with Each Score
Percentile by Number Answered
Your Score History
You have not taken this quiz since the last reset